000 00573nam a2200277Ia 4500
005 20260401122451.0
008 008 250103s9999 xx 000 0 eng d
020 _a9780195187489
037 _aTB
040 _aEDL
040 _beng
040 _cEDL
041 _2eng
041 _aeng
084 _a185SHI
084 _qEDL
245 4 _aThe Oxford handbook of Aristotle
260 _aNew York
260 _bOxford
260 _c2012
300 _a710p
942 _cTB
942 _h185SHI
999 _c1847466
_d1847466